Fundamentálna analýza akcií s aplikovaním na spoločnosti BMW AG a Volkswagen AG bakalárska práca

Guardado en:
Detalles Bibliográficos
Autor principal: Rufus, Marek
Autor Corporativo: Fakulta podnikového manažmentu EU. Katedra podnikových financií
Otros Autores: Mikloš, Miroslav, 1975-
Formato: Libro
Lenguaje:eslovaco
Publicado: Bratislava 2009
Etiquetas: Agregar Etiqueta
Sin Etiquetas, Sea el primero en etiquetar este registro!

MARC

LEADER 00000nam$a2200000$$$4500
001 0102908
005 20240319124535.5
041 0 |a slo 
044 |a SK 
245 1 0 |a Fundamentálna analýza akcií s aplikovaním na spoločnosti BMW AG a Volkswagen AG  |b bakalárska práca  |c Marek Rufus ; škol. Miroslav Mikloš 
264 1 |a Bratislava  |c 2009 
300 |a 38 s. 
100 1 |a Rufus, Marek 
700 1 |a Mikloš, Miroslav, 1975- 
710 2 |a Fakulta podnikového manažmentu EU. Katedra podnikových financií